| 000 | 00810cab a2200193 4500 | ||
|---|---|---|---|
| 001 | ABS40071 | ||
| 008 | 090401t1988 xxu||||| |||| 00| 0 eng d | ||
| 035 | _a(Sirsi) u21224 | ||
| 041 | _aeng | ||
| 100 | _aHodgkinson, R. | ||
| 245 | _aRaised floors : performance in use | ||
| 260 | _c1988 | ||
| 350 | _a0 | ||
| 490 |
_aFacilities _v6(11) November 1988, 11-17(7) |
||
| 520 | _aA recent report, commissioned by Vigers and carried out by the Building Performance Unit at Liverpool Polytechnic , has collected extensive evidence of defects in raised floors . This article provides advice to managers who wish to extend the life cycle of raised floors in their care and in doing so reduce the scale of defects in use. | ||
| 690 | _aBUILT ENVIRONMENT-BUILDING PATHOLOGY | ||
| 942 | _n0 | ||
| 948 | _c04/03/1997 | ||
| 999 |
_c14245 _d14245 |
||